Les avatars d'un comparatiste.
Guardat en:
| Autor principal: | |
|---|---|
| Format: | Llibre |
| Idioma: | francès |
| Publicat: |
París, Francia
Economica
1982
|
| Matèries: | |
| Etiquetes: |
Afegir etiqueta
Sense etiquetes, Sigues el primer a etiquetar aquest registre!
|
MARC
| LEADER | 00000nam a2200000 a 4500 | ||
|---|---|---|---|
| 001 | UCS2227 | ||
| 003 | CL-VaPUC | ||
| 005 | 20220115074042.0 | ||
| 008 | 970523e19820000FR |||||||||||||||||fre|d | ||
| 999 | |c 260205 |d 260203 | ||
| 040 | |c Pontificia Universidad Católica de Valparaíso | ||
| 082 | 0 | 4 | |a 923.4 DAV 1982 |2 21 |
| 100 | 0 | |a David, René |9 387395 | |
| 245 | 1 | 4 | |a Les avatars d'un comparatiste. |
| 260 | 0 | 3 | |a París, Francia |b Economica |c 1982 |
| 300 | |a 298 páginas. | ||
| 583 | |a last modification |c 19970523 00:00:00 |k Rodrigo Vera | ||
| 600 | 0 | 7 | |a DAVID, RENE |2 CL-VaPUC |9 387396 |
| 650 | 0 | |a Biografías |9 255210 | |
| 650 | 0 | |a Derecho comparado |9 255664 | |
| 650 | 0 | |a Abogados |9 256284 | |
| 651 | 0 | |a Francia |9 255157 | |
| 942 | |c BK |2 ddc | ||
| 945 | |d 19970523 00:00:00 |a paguirre | ||
| 952 | |0 0 |1 0 |2 ddc |4 0 |6 923_400000000000000_DAV_1982 |7 0 |8 P |9 286118 |a BIBDER |b BIBDER |d 2019-11-19 |i 1859803 |o 923.4 DAV 1982 |p 1859803 |r 2023-01-25 |t 1 |w 2019-11-19 |y BK |k DER | ||